000 00910nac a22002537a 4500
001 BR8204219
003 BR-BrBNA
005 20240105115428.0
008 230509b bl.|||m| |||| 00| 0 por d
040 _aBR-BrBNA
_bpor
_cBiblioteca Nacional de Agricultura
072 _aP12
090 _aP12 BR8204219
110 1 _aPrograma Nacional para Aproveitamento de Varzeas Irrigaveis, Brasilia, DF (Brasil)
_98051
245 1 _aPROVARZEAS Nacional. 1 hectare vale por dez [Programa Nacional para Aproveitamento de Varzeas Irrigaveis, Brasil]
260 3 _aBrasilia, DF (Brasil):
_c1982.
300 _a199 p.
490 _aInformacao Tecnica - Programa Nacional para Aproveitamento de Varzeas Irrigaveis (Brazil)
_vno. 2
_x
650 _aVARZEA
650 _aIRRIGACAO
650 _aSOLO ALUVIAL
650 _aSOLO HIDROMORFICO
909 _a202312
_bLúcia Elande
_c55
_dLúcia Elande
942 _2AGRIS
_n0
_cMS
999 _c274770
_d274770